| 000 | 00000nam 2200000za 4500 |
| 001 | 9.801616 |
| 003 | CaOODSP |
| 005 | 20250303104651 |
| 007 | cr ||||||||||| |
| 008 | 150630s1953||||xxca||||o f000 0 eng d |
| 040 | |aCaOODSP|beng |
| 043 | |an-cn--- |
| 086 | 1 |aA43-519/1953E-PDF |
| 100 | 1 |aHockey, J. Fred. |
| 245 | 10|aApple scab |h[electronic resource] / |cJ. Fred Hockey. |
| 250 | |aJune 1953, revision. |
| 260 | |aOttawa : |bDepartment of Agriculture, |c1953. |
| 300 | |a8 p. : |bill. |
| 490 | 0 |aStudies in fruit diseases ; |vIX. |
| 500 | |aHistorical publication digitized by Agriculture and Agri-Food Canada. |
| 500 | |aAlso available in French under title: La tavelure du pommier. |
| 692 | 07|2gccst|aApples |
| 692 | 07|2gccst|aPlant diseases |
| 710 | 1 |aCanada. |bDepartment of Agriculture. |
| 775 | 08|tLa tavelure du pommier |w(CaOODSP)9.801618 |
| 856 | 40|qPDF|s826 KB|uhttps://publications.gc.ca/collections/collection_2015/aac-aafc/A43-519-1953-eng.pdf |
| 986 | |aPublication 519 |